000 01535nam a2200217 i 4500
001 40171
003 ES-MaACL
005 20230906160144.0
007 t|
008 030305m18551860fr ||||1| fre d
100 1 _aCapefigue, Jean-Baptiste-Honoré-Raymond.
_934809
245 1 0 _aHistoire des grandes operations financières, banques, bourses, emprunts, compagnies industrielles... /
_cpar Jean-Baptiste-Honoré-Raymond Capefigue.
260 _aParis :
_bAmyot,
_c1855-1860 (
_fTyp. Ernest Meyer)
300 _a4 v. ;
_c21 cm.
505 8 _aContiene: T.1: Les fermiers généraux depuis le XVIII siècle jusqu'a leur mort sur l'échafaud le 15 mai 1794. -- T.II: Banquiers, fourniseurs, acquéseurs des biens nationaux, emprunts, système financier de Pitt et Castelreagh. -- T.III: Emprunts, bouses, crédit public, grands capitaliste de l'Europe : 1814-1852. -- T.IV: Compagnies industrielles et commerciales, canaux, ponts, chemins de fer, crédit foncier et mobilier, despuis le Moyen Age jusqu'a nos jours
740 4 _aLes fermiers généraux depuis le XVIII siècle jusqu'a leur mort sur l'èchafaud le 15 mai 1794.
740 0 _aBanquiers, fourniseurs, acquéseurs des biens nationaux, emprunts, système financier de Pitt et Catelreagh.
740 0 _aEmprunts, burses, crédit public, grands capitalistes de l'Europe : 1814-1852.
740 0 _aCompagnies industrielles et commerciales, canaux, ponts, chemins de fer, crédit foncier et mobilier, depuis le Moyen Age jusqu'a nos jours.
852 _aES-MaACL
_jG-7962-65
999 _c40171
_d40171